Car Brands Quiz #2 - Statistics

General Stats
  • This quiz has been taken 42 times
  • The average score is 9 of 12
Answer Stats
Picture Answer % Correct
Kia
95%
Mercedes-Benz
92%
Fiat
89%
Lexus
89%
Rolls-Royce
89%
Mazda
86%
Alfa Romeo
81%
SAAB
76%
McLaren
73%
Ŝkoda
70%
Daewoo
35%
Scania (Owned by SAAB)
30%
No matching quizzes found
Score Distribution
Percent of People with Each Score
Percentile by Number Answered
Your Score History
You have not taken this quiz